[Event "Pereira Cosecha op"]
[Site "Pereira"]
[Date "2024.09.01"]
[Round "8"]
[White "Triana Castro, Francisco Javier"]
[Black "Hernandez Lopez, Isaac"]
[Result "0-1"]
[WhiteElo "1664"]
[BlackElo "1426"]
[PlyCount "54"]
[EventDate "2024.08.28"]
[EventType "swiss"]
[EventRounds "9"]
[EventCountry "COL"]
[SourceTitle "EXT 2025"]
[Source "ChessBase"]
[SourceDate "2024.10.14"]
[SourceVersion "1"]
[SourceVersionDate "2024.10.14"]
[SourceQuality "1"]

1. a4 e5 2. Ra3 Bxa3 3. Nxa3 Nf6 4. b3 0-0 5. Bb2 Nc6 6. g3 b6 7. Bg2 Bb7 8. e3 Re8 9. Ne2 h6 10. f4 exf4 11. Nxf4 Rb8 12. Nb5 Rc8 13. Nxa7 Nxa7 14. Bxb7 Rb8 15. Bg2 d5 16. 0-0 Ne4 17. Rf2 Nxf2 18. Kxf2 c6 19. Kg1 Nc8 20. Nh5 g6 21. Nf6+ Kf8 22. Ba3+ Re7 23. Qf3 Kg7 24. Bb2 Kf8 25. Qf4 g5 26. Qxb8 Qc7 27. Qxc7 Rxc7 0-1

[Event "Pereira Cosecha op"]
[Site "Pereira"]
[Date "2024.08.31"]
[Round "7"]
[White "Carmona, Luisa Maria1"]
[Black "Triana Castro, Francisco Javier"]
[Result "1-0"]
[WhiteElo "1513"]
[BlackElo "1664"]
[PlyCount "45"]
[EventDate "2024.08.28"]
[EventType "swiss"]
[EventRounds "9"]
[EventCountry "COL"]
[SourceTitle "EXT 2025"]
[Source "ChessBase"]
[SourceDate "2024.10.14"]
[SourceVersion "1"]
[SourceVersionDate "2024.10.14"]
[SourceQuality "1"]

1. e4 a5 2. Nf3 h5 3. Bc4 Ra6 4. 0-0 b6 5. Bxa6 Nxa6 6. d4 Bb7 7. Nc3 g6 8. Bg5 Bg7 9. Qd2 Nf6 10. Rfe1 d6 11. Rad1 0-0 12. a3 c5 13. dxc5 Nxc5 14. e5 Nfe4 15. Qf4 Nxc3 16. bxc3 Ne6 17. Qe3 Bxf3 18. gxf3 Nxg5 19. Qxg5 Qc7 20. exd6 exd6 21. Qe7 Qxe7 22. Rxe7 Bxc3 23. Rxd6 1-0

[Event "Pereira Cosecha op"]
[Site "Pereira"]
[Date "2024.08.30"]
[Round "4"]
[White "Buitrago Grajales, Juan Carlos"]
[Black "Triana Castro, Francisco Javier"]
[Result "0-1"]
[WhiteElo "1907"]
[BlackElo "1664"]
[PlyCount "56"]
[EventDate "2024.08.28"]
[EventType "swiss"]
[EventRounds "9"]
[EventCountry "COL"]
[SourceTitle "EXT 2025"]
[Source "ChessBase"]
[SourceDate "2024.10.14"]
[SourceVersion "1"]
[SourceVersionDate "2024.10.14"]
[SourceQuality "1"]

1. d4 e6 2. c4 Nf6 3. Nc3 b6 4. e4 Bb7 5. Bd3 Bb4 6. Qe2 0-0 7. Nf3 d5 8. cxd5 exd5 9. e5 Ne4 10. 0-0 Bxc3 11. bxc3 Nxc3 12. Bxh7+ Kxh7 13. Qc2+ Ne4 14. h4 Kg8 15. h5 Qd7 16. h6 gxh6 17. Bxh6 Qc6 18. Qxc6 Nxc6 19. Bxf8 Kxf8 20. Rfc1 Ke7 21. Nh4 Ke6 22. f4 Rg8 23. f5+ Kd7 24. Nf3 Ng3 25. e6+ fxe6 26. fxe6+ Kxe6 27. Kf2 Kd6 28. Rc2 Nb4 0-1

[Event "Pereira Cosecha op"]
[Site "Pereira"]
[Date "2024.08.29"]
[Round "2"]
[White "Sanchez Manzanares, Jorge Luis"]
[Black "Triana Castro, Francisco Javier"]
[Result "1-0"]
[WhiteElo "1987"]
[BlackElo "1664"]
[PlyCount "49"]
[EventDate "2024.08.28"]
[EventType "swiss"]
[EventRounds "9"]
[EventCountry "COL"]
[SourceTitle "EXT 2025"]
[Source "ChessBase"]
[SourceDate "2024.10.14"]
[SourceVersion "1"]
[SourceVersionDate "2024.10.14"]
[SourceQuality "1"]

1. e4 d5 2. exd5 Qxd5 3. Nc3 Qa5 4. d4 c6 5. Nf3 Bg4 6. Bc4 e6 7. Bd2 Nf6 8. h3 Qh5 9. Qe2 Bb4 10. 0-0-0 Bxf3 11. gxf3 Nbd7 12. Rhg1 g6 13. d5 cxd5 14. Nxd5 Nxd5 15. Bxd5 Qxd5 16. Bxb4 Qxa2 17. Rxd7 Kxd7 18. Qb5+ Kc7 19. Qc5+ Kb8 20. Qe5+ Kc8 21. Qxh8+ Kd7 22. Rd1+ Kc6 23. Qxa8 Qa1+ 24. Kd2 Qxb2 25. Qc8+ 1-0

[Event "Pereira Grajales Memorial"]
[Site "Pereira"]
[Date "2024.06.09"]
[Round "5"]
[White "Triana Castro, Francisco Javier"]
[Black "Castaneda Montoya, Pedro Maria"]
[Result "1/2-1/2"]
[WhiteElo "1692"]
[BlackElo "1575"]
[PlyCount "38"]
[EventDate "2024.06.07"]
[EventType "swiss"]
[EventRounds "7"]
[EventCountry "COL"]
[SourceTitle "CBM 220 Extra"]
[Source "ChessBase"]
[SourceDate "2024.07.31"]
[SourceVersion "1"]
[SourceVersionDate "2024.07.31"]
[SourceQuality "1"]

1. e4 d5 2. e5 Bf5 3. d4 e6 4. Bd3 Ne7 5. Nf3 Bg4 6. Bf4 Nd7 7. Nbd2 a6 8. h3 Bxf3 9. Nxf3 g6 10. Qd2 b5 11. Bh6 c5 12. Bxf8 Rxf8 13. c3 cxd4 14. cxd4 Qb6 15. 0-0 Nc6 16. Rfe1 Nxd4 17. Nxd4 Qxd4 18. Qc3 Qxc3 19. bxc3 Rc8 1/2-1/2

[Event "Armenia Quindio op"]
[Site "Armenia"]
[Date "2024.04.07"]
[Round "4"]
[White "Hernandez Arias, Samuel"]
[Black "Triana Castro, Francisco Javier"]
[Result "1/2-1/2"]
[WhiteElo "1551"]
[BlackElo "1759"]
[PlyCount "68"]
[EventDate "2024.04.06"]
[EventType "swiss"]
[EventRounds "6"]
[EventCountry "COL"]
[SourceTitle "CBM 219 Extra"]
[Source "ChessBase"]
[SourceDate "2024.05.31"]
[SourceVersion "1"]
[SourceVersionDate "2024.05.31"]
[SourceQuality "1"]

1. e4 d5 2. exd5 Qxd5 3. Nc3 Qa5 4. d4 c6 5. Bd2 Qc7 6. Bd3 Nf6 7. Qe2 g6 8. Qe5 Qd6 9. Qxd6 exd6 10. 0-0-0 d5 11. Bg5 Bg7 12. Re1+ Be6 13. Bxf6 Bxf6 14. f4 0-0 15. Nf3 Nd7 16. Rhf1 c5 17. Nd1 Bxd4 18. Nxd4 cxd4 19. f5 Bxf5 20. Bxf5 gxf5 21. Rxf5 Nb6 22. Nf2 Rfe8 23. Rxe8+ Rxe8 24. Kd1 Re6 25. Nd3 Kg7 26. b3 Rf6 27. Rxf6 Kxf6 28. Ke2 Kf5 29. Kf3 Nd7 30. g4+ Ke6 31. h4 Ne5+ 32. Nxe5 Kxe5 33. a4 f5 34. gxf5 Kxf5 1/2-1/2

[Event "Cali Valle Colombia op-B"]
[Site "Cali Valle Colombia"]
[Date "2022.12.29"]
[Round "6"]
[White "Triana Castro, Francisco Javier"]
[Black "Messa Acosta, Rodrigo"]
[Result "1-0"]
[WhiteElo "1596"]
[BlackElo "1628"]
[PlyCount "119"]
[EventDate "2022.12.26"]
[EventType "swiss"]
[EventRounds "8"]
[EventCountry "COL"]
[SourceTitle "CBM 211 Extra"]
[Source "ChessBase"]
[SourceDate "2023.01.31"]
[SourceVersion "1"]
[SourceVersionDate "2023.01.31"]
[SourceQuality "1"]

1. b4 e5 2. Bb2 Bxb4 3. Bxe5 Nf6 4. e3 Nc6 5. Nf3 d6 6. Bxf6 Qxf6 7. c3 Ba5 8. Bb5 Bd7 9. 0-0 0-0 10. Na3 a6 11. Be2 d5 12. Nc2 Rfe8 13. Nce1 Ne5 14. Nxe5 Rxe5 15. Nf3 Rh5 16. Qb3 Bb6 17. d4 Bg4 18. Rfe1 Rd8 19. Ne5 Bxe2 20. Rxe2 Rg5 21. c4 dxc4 22. Qxc4 h5 23. Rb1 h4 24. h3 Rf8 25. Rb3 Rd8 26. Rc2 Rxe5 27. dxe5 Rd1+ 28. Kh2 Qxe5+ 29. Qf4 Qa1 30. Qxh4 Rh1+ 31. Kg3 Qe5+ 32. f4 Qa5 33. Rbc3 c6 34. Qg4 f5 35. Qg6 Qd5 36. Qe8+ Kh7 37. Qh5+ Kg8 38. Qe2 Qe6 39. Kf2 Qh6 40. Qc4+ Kh8 41. Rc1 Rxc1 42. Rxc1 Qh4+ 43. Kf1 Bxe3 44. Rc2 Qxf4+ 45. Qxf4 Bxf4 46. Rf2 g5 47. h4 Bg3 48. Rxf5 gxh4 49. Rf7 b5 50. Rf6 c5 51. Rxa6 b4 52. Rc6 Kg7 53. Rxc5 Bd6 54. Rc4 Be7 55. Ke2 Kg6 56. Kf3 Kh5 57. Re4 Bf8 58. Re5+ Kg6 59. Kg4 Kf6 60. Rf5+ 1-0

[Event "Cali Valle Colombia op-B"]
[Site "Cali Valle Colombia"]
[Date "2022.12.29"]
[Round "7"]
[White "Ugarte Bautista, Danni Dario"]
[Black "Triana Castro, Francisco Javier"]
[Result "1-0"]
[WhiteElo "1732"]
[BlackElo "1596"]
[PlyCount "78"]
[EventDate "2022.12.26"]
[EventType "swiss"]
[EventRounds "8"]
[EventCountry "COL"]
[SourceTitle "CBM 211 Extra"]
[Source "ChessBase"]
[SourceDate "2023.01.31"]
[SourceVersion "1"]
[SourceVersionDate "2023.01.31"]
[SourceQuality "1"]

1. e4 d5 2. exd5 Qxd5 3. Nc3 Qa5 4. g3 c6 5. Bg2 Nf6 6. Nge2 Bg4 7. h3 Bxe2 8. Qxe2 e6 9. 0-0 Bd6 10. d3 0-0 11. Ne4 Nxe4 12. Bxe4 Nd7 13. Bd2 Qb6 14. Be3 Bc5 15. b4 Bxe3 16. fxe3 Qxb4 17. Rab1 Qd6 18. Rxb7 Qxg3+ 19. Bg2 Ne5 20. d4 Ng6 21. Rf3 Qd6 22. Qf2 f6 23. c4 c5 24. Rg3 cxd4 25. exd4 Rfb8 26. c5 Qf4 27. Qxf4 Nxf4 28. Rgxg7+ Kf8 29. Rbf7+ Ke8 30. Bxa8 Rxa8 31. Rxh7 Nxh3+ 32. Kf1 Ng5 33. Rxa7 Rxa7 34. Rxa7 Nf3 35. Ra4 Kd7 36. Ke2 Ng5 37. Kd3 f5 38. Ra7+ Kc6 39. Ra6+ Kd7 1-0

[Event "Jamundi Valle Avanza op-B"]
[Site "Jamundi"]
[Date "2022.12.10"]
[Round "5"]
[White "Ramirez, Andres Felipe"]
[Black "Triana Castro, Francisco Javier"]
[Result "0-1"]
[WhiteElo "1762"]
[BlackElo "1596"]
[PlyCount "66"]
[EventDate "2022.12.08"]
[EventType "swiss"]
[EventRounds "7"]
[EventCountry "COL"]
[SourceTitle "EXT 2024"]
[Source "ChessBase"]
[SourceDate "2023.10.10"]
[SourceVersion "1"]
[SourceVersionDate "2023.10.10"]
[SourceQuality "1"]

1. e4 d5 2. exd5 Qxd5 3. Nc3 Qa5 4. d4 c6 5. Bd2 Qc7 6. Bc4 Nf6 7. Nf3 Bg4 8. h3 Bxf3 9. Qxf3 e6 10. 0-0-0 Bd6 11. Rhe1 Nbd7 12. Ne4 Nxe4 13. Qxe4 0-0 14. Bd3 g6 15. h4 Nf6 16. Qf3 Nh5 17. Re4 Rad8 18. g4 Ng7 19. Bh6 Rfe8 20. Qf6 Bf8 21. h5 Nxh5 22. gxh5 Bxh6+ 23. Kb1 Bg7 24. Qh4 Rd5 25. hxg6 hxg6 26. Be2 Red8 27. c4 R5d7 28. c5 b6 29. Bc4 bxc5 30. Rh1 Rxd4 31. Qh7+ Kf8 32. Rxd4 Rxd4 33. Bxe6 Qe5 0-1